| 000 | 01719nam a22002777a 4500 | ||
|---|---|---|---|
| 001 | 6280 | ||
| 003 | FISKH | ||
| 005 | 20250530105611.0 | ||
| 008 | 250408b cb ||||| |||| 00| 0 eng d | ||
| 020 | _a9789996388033 | ||
| 040 |
_aFISKH _bkhr _cFISKH _dFISKH |
||
| 050 | _aPZ7 | ||
| 082 | _a570 | ||
| 100 | _aSocheata, Soth | ||
| 245 |
_aប្រភពជីវិត : _bThe source of life / _cនិពន្ធដោយ : អ្នកស្រី សុត សុជាតា |
||
| 250 | _aបោះពុម្ពលើកទី១នៅ ប្រទេសកម្ពុជា ខែមករា ឆ្នាំ២០១៥ | ||
| 260 |
_aភ្នំពេញ : _bគ្រឺះស្ថានបោះពុម្ពផ្សាយសៀវភៅប្រាជ្ញា , _c2015. |
||
| 300 |
_a53 pages : _bcolor illustrations ; _c18 cm . |
||
| 520 | _aក្នុងរឿងនេះបង្ហាញពីទំនាក់ទំនងស្នេហារវាងបុរសជនជាតិខ្មែរកាត់ឡាវឈ្មោះ សុណាម និង នារីខ្មែរម្នាក់ ឈ្មោះ សុផល នៅខេត្តក្រចេះ ដែលពួកគេបានជួបគ្នានៅក្នុងកម្មវិធីមហាសន្និបាតមួយ ។ | ||
| 520 | _aThis story depicts the love affair between a Cambodian man of Lao descent named Sonam and a Cambodian woman named Sophal in Kratie province, who met at a convention. | ||
| 650 | _aប្រភពជីវិត | ||
| 650 | _aThe source of life | ||
| 700 |
_aSan, Thai _eillustrator |
||
| 942 |
_2ddc _cBK _n0 |
||
| 999 |
_c6280 _d6280 |
||